|
|
|
|
| LEADER |
00000cam a2200000 7i4500 |
| 001 |
0000066499 |
| 005 |
20220105105413.0 |
| 008 |
160724 |
| 020 |
|
|
|a 9789833900008 (set)
|
| 020 |
|
|
|a 9833900062
|
| 090 |
0 |
0 |
|a REG
|b MAL
|
| 100 |
1 |
|
|a Shafie Abdul Rahman
|
| 245 |
1 |
0 |
|a Diselamatkan ikan cerdik
|c Shafie Abdul Rahman
|
| 260 |
|
|
|a Selangor :
|b JRAS ,
|c 2007
|
| 300 |
|
|
|a 52pg. :
|b col.ill.
|
| 490 |
1 |
|
|a Koleksi cerita asuhan akhlak
|
| 500 |
|
|
|a Children ages 7-9 years old (orange)
|
| 650 |
|
0 |
|a Islamic stories, Malay
|
| 999 |
|
|
|a 0001129836
|b Book
|c Children Collection
|e Cawangan Tmn. Ungku Tun Aminah
|
| 999 |
|
|
|a 0001129909
|b Book
|c Children Collection
|e Cawangan Kota Tinggi
|
| 999 |
|
|
|a 0001129910
|b Book
|c Children Collection
|e Cawangan Taman Sri Lambak
|